000 00430nam a2200157 i 4500
001 37842
003 ES-MaACL
005 20230906155643.0
007 t|
008 030224s1967 sp ||||1| spa d
100 1 _aCaffarena Robles, Rafael.
_933417
245 1 0 _aPoesía de nueve lustros /
_cRafael Caffarena Robles.
260 _aMadrid :
_b[s.n.,
_c1967]
300 _a118 p. ;
_c20 cm.
852 _aES-MaACL
_jC-33624
_bR.64233
999 _c37842
_d37842